00367nam a2200133Ia 4500020000900000082003100009100002900040245003600069260003000105300001600135526003700151650003700188650000800225 a(hb) a954.91bCHAcL-30 II, P-77 aChaudhry, Amjad Ali Khan aSeptember '65bbefore and after aLahore:bFerozsons,c1977 a113p. :ill. a0b0c0d954_910000000000000_CHA aIndia -- Pakistan Conflict- 1965 aMCE